000 00675nam a2200289Ia 4500
005 20260324130721.0
008 008 260324s9999 xx 000 0 eng d
020 _a9781003554134
037 _aEBOOK
040 _aCRL
040 _beng
040 _cCRL
041 _2eng
041 _aeng
084 _qCRL
100 _aRobert S. Nelson
_91182838
245 0 _aLater Byzantine Painting
245 0 _bArt, Agency, and Appreciation
260 _bTaylor and Francis
260 _c2007
365 _a
365 _b290
856 _uhttp://www.taylorfrancis.com/books/9781003554134
942 _cEBOOK
999 _c1779240
_d1779240